MDQL
is popping MORE tags! Check the
thread
!
Quizzes
Events
Quiz Creation
Community
Videos
Private Events
Remove Ads
Sign In
Join for FREE
Feedback
Dark Mode
Quiz Categories
Sports
Geography
Music
Movies
Television
Just For Fun
Miscellaneous
History
Literature
Language
Science
Gaming
Entertainment
Religion
Holiday
For Kids
Quiz Lab
Recent
Popular Today
Quiz Kudos Today
Editor Picks
Curator Picks
Quizzes by...
Day
Popularity
Type
Ratings
Length
Year
Community
Subscriptions
Recent Discussions
Orange Saloon
Badges
Playlists
Quests
Create
Leaderboards
Showdown
Live 5
Trivia Bingo
Activity
Puzzle Library
Sporcle Events
Private Events
Virtual Trivia
Globe League
Become a Host
Pub Owners
SporcleCon
Opinionation
Our Games
Videos
Blog
Mobile Apps
Partnerships
Remove Ads and Go Orange
Feedback
Just For Fun
Clickable
Get the Picture
Humor
Quick Pick
Word Ladder
Missing Word
Mixed Word
Blitz
Minefield
This or That
Alphabet
Color
Typing
Sporcle
Puzzle
Word Play
Follow That Line
Logic
Just For Fun
Clickable
Get the Picture
Humor
Quick Pick
Word Ladder
Missing Word
Mixed Word
Blitz
Minefield
This or That
Alphabet
Color
Typing
Sporcle
Puzzle
Word Play
Follow That Line
Logic
Random Quiz
Search Sporcle
×
Quiz Lab
Quiz Lab
Just For Fun
Word Ladder
Type in answers that appear in a list
Type in answers that appear in a list
Classic
Best Score? Go Orange.
Word Ladder: Top 80 Male Baby Names Stats
Can you name the four letter words in this word ladder that uses all four letter top-80 male baby names from 2015?
By
zadamssquared
5m
37 Questions
446 Plays
446 Plays
446 Plays
Comments
Comments
Give Quiz Kudos
Give Quiz Kudos
-
- Ratings
hide this ad
Replay
Link that replays current quiz
Next Quiz
Link to next quiz in quiz playlist
You Got
0%
They Got
Avg Score
70%
Avg Friend Score
Upgrade to see
Score Distribution
Jump to the score distribution portion of the page
Score
0/37
Timer
05:00
0
Plays Today
Hint
Answer
% Correct
Ark-
Builder or Centineo
👶Noah👶
95.7%
Neeson or Hemsworth
👶Liam👶
94.6%
Jon Bon _
_
_
_
Jovi
91.6%
_
_
_
_
of Arc
Joan
91.6%
F. Kennedy or Tyler
👶John👶
91.2%
Seacrest or Gosling
👶Ryan👶
88.5%
Microwave-
_
_
_
_
Oven
86.4%
Medium sized body of water
Lake
84.8%
Scottish actor McGregor
Ewan
84.2%
Whole number that's not odd
Even
84.2%
Thailand prior to 1939
Siam
82.4%
Hart of Farrell
👶Owen👶
82.4%
Peters or Longoria
👶Evan👶
80.1%
What might help win the lottery
Luck
79.2%
Is in debt
Owes
77.8%
Treaded in a Pool
Swam
77.1%
Bird that symbolizes loyalty
Swan
76.2%
Hemmings or Bryan
👶Luke👶
76.2%
Attract a fish
Lure
76.2%
Hint
Answer
% Correct
Fertile Soil
Loam
75.6%
Linguist Chomsky
Noam
74.9%
Hide in the shadows
Lurk
73.5%
Fur color that is a mix of white and pigment
Roan
70.8%
Not have
Lack
69.7%
Expresses surprise: By _
_
_
_
!
Jove
69.5%
Positive Votes
Ayes
68.6%
Village in Croatia or Pakistan
Johi
67%
Hanna or Ruby
👶Jack👶
60.6%
Is amazing people
Awes
60.6%
Miller or Strauss
👶Levi👶
52%
Handwoven Scandinavian Rugs
Ryas
45%
Several Male Gypsies
Ryes
44.3%
Bautista or Altuve
👶Jose👶
40.7%
Norman or Everett
👶Jace👶
33.9%
Volcano in Iceland
Laki
29.9%
Duck Dynasty Son
Jase
29.2%
Nordic hiking brand
Leki
26.9%
Quiz Playlist
Details
Report
Send in Message
Add To Playlist
Classic:
Type in answers that appear in a list
Last Updated: Aug 24, 2017
Quiz Scoreboard
CHALLENGE
Sign Up to Join the Scoreboard
Show All
Scores
Hide
Comments
May contain spoilers
Recently Published
Find the 'City' Movie
by crazypaving
Movies
60s
5x2 Blitz: Bands
by SL_Kpop136
Music
30s
Colored Red Africa Blitz
by spor1
Geography
30s
More to Explore
Quiz From the Vault
Featured Blog Post
14 Easter Pick-up Lines to Find Eggs With
hide this ad
You Might Also Like...
Tags
Baby Names Quiz
Word Ladder Quiz
Baby
Baby Boy
First Names
name
Today's Top Quizzes in Just For Fun
Browse Just For Fun
hide this ad
Today's Top Quizzes in Word Ladder
Browse Word Ladder
Top Contributed Quizzes in Just For Fun
1
Name Just One - 10 to 1: Just For Fun
2
Missing Word: 2-Letter A-Z II
3
Survivor Winners Logic Puzzle
4
Avatar the Last Airbender: Logic Puzzle
5
Quick 5-Color Logic (18)
6
Shadowhunters Protagonists Logic Quiz
7
Medium Renzoku Puzzle 11
8
Killer Double Trees 224 - Colour Match-Up
9
Missing Word: 'Of' Things A-Z
10
Ultimate Minefield Blitz VIII
Explore More
Trending Topics
NBA
Disney
Harry Potter
Marvel
Kpop
Anime
Crossword
The Office
NFL
Song
Soccer
Country
Puzzle
Pokémon
WWE
hide this ad
More By:
zadamssquared
Quiz
Plays
Rating
Category
Featured
Created
Quick Pick: Older Than Dirt
11,177
4.21
Just For Fun
Jul 20, 2016
Word Ladder: Live Más
9,026
4.52
Just For Fun
Jul 21, 2016
Quick Pick: English and French Letters
3,645
3.75
Just For Fun
Aug 24, 2016
1/3 Ratio Blitz
3,206
4.00
Science
Jul 19, 2016
Quick Pick: CIA Factbook Regions
2,995
4.28
Just For Fun
Jul 22, 2016
Go to Creator's Profile
Score Distribution
Quiz Creator Spotlight
zadamssquared
Follow
Send a Message
Quizzes Created
-
Created Quiz Play Count
-
More By This Creator
Popular Quizzes Today
1
Colored Red Africa Blitz
2
Find the US States - No Outlines Minefield
3
Find the 'City' Movie
4
5x2 Blitz: Bands
5
The Countries of the World
6
Find the US States
7
US States
8
9x9 Crossword: Cartoon Network
More Just For Fun Quizzes
Logic Grid Puzzle #5 - Sitcoms
Quiz Lab
Trending Quizzes
Colored Red Europe Blitz I
Colored Red Europe Blitz II
Colored Red Africa Blitz II
Colored Red Africa Blitz III
Colored Red Europe Blitz III
Recently Updated
Godzilla Movies
pecheneg
Grab Bag: 4-10 Letters
pecheneg
2024 March Madness Bracket
pecheneg
Famous TV Couples
Peacemaker
Champions League XIs: Real Madrid
pecheneg
Largest US Cities 1790-2010
pecheneg
Rides in Walt Disney World
pecheneg
Most Oscar Losses (Acting)
pecheneg
Beyoncé Albums
pecheneg
Leaping Animals
pecheneg
Trending Topics
Crossword
Marvel
Kpop
Disney
Anime
Harry Potter
NBA
Puzzle
WWE
Soccer
Pokémon
The Office
Country
Song
NFL
Your Account Isn't Verified!
In order to create a playlist on Sporcle, you need to verify the email address you used during registration. Go to your
Sporcle Settings
to finish the process.
Report this User
Report this user for behavior that violates our
Community Guidelines
.
Details:
Send Report
Go to the Sporcle.com Mobile Site →
Comments